[Event "30th olm final"]
[Site "Manila"]
[Date "1992.06.22"]
[Round "13.1"]
[White "Mortensen, Erling"]
[Black "Campora, Daniel Hugo"]
[Result "1/2-1/2"]
[WhiteElo "2430"]
[BlackElo "2550"]
[EventDate "1992.06.08"]
[WhiteTeam "Denmark"]
[BlackTeam "Argentina"]
[PlyCount "69"]

1.e4 c6 2.d4 d5 3.e5 Bf5 4.Nf3 e6 5.Be2 c5 6.c4 Bxb1 7.Rxb1 Nc6 8.dxc5
Bxc5 9.cxd5 Qxd5 10.Qxd5 exd5 11.Bd2 Nge7 12.b4 Bb6 13.b5 Nd8 14.h4 Ne6
15.Ng5 Ng6 16.Nxe6 fxe6 17.f4 h5 18.Rc1 Ne7 19.g4 hxg4 20.Bxg4 Kd7 21.a4
Rac8 22.Rxc8 Rxc8 23.h5 Rh8 24.Rh3 g6 25.hxg6 Rxh3 26.Bxh3 Nxg6 27.f5 Nxe5
28.fxe6+ Ke8 29.Bg2 Nc4 30.Bg5 Bd8 31.Bf4 Nb2 32.Kd2 Nxa4 33.Bf3 Bf6 34.
Bxd5 Ke7 35.Bxb7 1/2-1/2

[Event "30th olm final"]
[Site "Manila"]
[Date "1992.06.22"]
[Round "13.4"]
[White "Zarnicki, Pablo"]
[Black "Danielsen, Henrik"]
[Result "1/2-1/2"]
[WhiteElo "2385"]
[BlackElo "2390"]
[EventDate "1992.06.08"]
[WhiteTeam "Argentina"]
[BlackTeam "Denmark"]
[PlyCount "122"]

1.e4 c6 2.d4 d5 3.Nc3 dxe4 4.Nxe4 Bf5 5.Ng3 Bg6 6.h4 h6 7.Nf3 Nd7 8.h5 Bh7
9.Bd3 Bxd3 10.Qxd3 e6 11.Bf4 Qa5+ 12.Bd2 Qc7 13.O-O-O Ngf6 14.Ne4 O-O-O
15.g3 Nxe4 16.Qxe4 Bd6 17.c4 c5 18.d5 Rhe8 19.Qg4 Be5 20.Rhe1 Qd6 21.Nxe5
Nxe5 22.Qe2 Nd7 23.Ba5 b6 24.Bc3 e5 25.Qg4 g6 26.hxg6 fxg6 27.f4 exf4 28.
Re6 h5 29.Qe2 Qf8 30.Re1 f3 31.Qe3 Kb7 32.Rf1 Nb8 33.Rxf3 Rxe6 34.dxe6 Qd6
35.Rf7+ Kc8 36.Qf3 Nc6 37.Rf6 Ne7 38.Qa8+ Qb8 39.Qxb8+ Kxb8 40.Be5+ Kc8
41.Rf7 Re8 42.Rg7 g5 43.Rxg5 Nc6 44.Rxh5 Rxe6 45.Bf4 Re2 46.Rh8+ Kb7 47.
Rh7+ Ka8 48.Bd2 Rg2 49.Rg7 Nd4 50.Bc3 Ne2+ 51.Kd2 Nxg3+ 52.Kd3 Ne2 53.Rxg2
Nf4+ 54.Ke4 Nxg2 55.Bf6 Kb7 56.a3 Kc6 57.Kf3 Ne1+ 58.Ke2 Nc2 59.Kd2 Nxa3
60.bxa3 b5 61.cxb5+ Kxb5 1/2-1/2